00390nam a2200169Ia 4500003000400000005001700004008004100021020001900062040000700081041000800088082001500096100001500111245002500126260004600151300000900197650001400206OSt20250828123337.0250729s2005 xx 000 0 und d a9788171080571, cAL aeng a371.4 FUSP aFuster J M aPersonal counselling aMumbaibBetter Yourself Publicationc2005 a310p aEducation